| 000 | 01204cam a2200205 4500 | ||
|---|---|---|---|
| 001 | L130010 | ||
| 008 | 050614n2005 000 0 eng u | ||
| 035 | _a(Sirsi) u130010 | ||
| 041 | _aeng | ||
| 110 |
_aEnglish Partnerships _91764 |
||
| 245 | _aDesign for manufacture competition | ||
| 260 |
_aLondon _bEnglish Parterships _c2005 |
||
| 520 | _aThe Design for manufacture competition aims to demonstrate that it is possible to build a high-quality home for a target construction cost of £60 000. English Partnerships runs the competition for the ODPM and provides, with other public bodies, the sites for the developments by successful bidders. The website explains the rationale behind the competition and sets out the full entry requirements. Presents question and answer sheets and factsheets, aerial photographs and site plans for each of the tranche one and two competition sites. | ||
| 590 | _aIKA040705 | ||
| 650 | 2 | 4 |
_aAffordable housing _96215 |
| 650 | 2 | 4 | _aDCLG DESIGN FOR MANUFACTURE COMPETITION |
| 690 | _aBUILT ENVIRONMENT-CONSTRUCTION MANAGEMENT | ||
| 856 |
_uhttps://www.designformanufacture.info/ _zView the website free of charge at www.designformanufacture.info |
||
| 942 | _n0 | ||
| 999 |
_c104327 _d104327 |
||